[Event "St Petersburg-ch"]
[Site "St Petersburg"]
[Date "2003.04.16"]
[Round "1"]
[White "Lugovoi, Aleksei"]
[Black "Yevseev, Denis"]
[Result "1/2-1/2"]
[WhiteElo "2563"]
[BlackElo "2580"]
[Annotator "Lutz,C"]
[PlyCount "59"]
[EventDate "2003.04.16"]
[EventType "tourn"]
[EventRounds "13"]
[EventCountry "RUS"]
[EventCategory "11"]
[SourceTitle "CBM 095"]
[Source "ChessBase"]
[SourceDate "2003.07.25"]
[SourceVersion "1"]
[SourceVersionDate "2003.07.25"]
[SourceQuality "1"]

1. d4 d5 2. c4 c6 3. Nf3 Nf6 4. Nc3 e6 5. e3 Nbd7 6. Bd3 dxc4 7. Bxc4 b5 8. Bd3
Bb7 9. a3 b4 10. Ne4 Nxe4 11. Bxe4 bxa3 12. O-O $5 {Nach 12.bxa3 hat Weiß
keinen Vorteil. Der Textzug stammt von Ivanchuk und setzt auf schnelle
Entwicklung.} Bd6 (12... Be7 $5 {ist eine einfache Lösung des Stellungproblems
und gibt Schwarz Ausgleich.} 13. Qc2 (13. b3 $5) 13... Qc7 14. bxa3 c5 15. Rb1
Bxe4 16. Qxe4 O-O $11 {0-1 Gelfand,B-Bareev,E/Moscow 2002/CBM 91/[Lutz] (53)})
(12... axb2 $5 {nimmt das weiße Bauernopfer und ist auch spielbar.} 13. Bxb2
Nf6 (13... Be7 $6 14. Qc2 h6 15. Bxc6 Rc8 16. d5 exd5 17. Bxd7+ Qxd7 18. Qb3 d4
19. Rxa7 Bd5 20. Qb6 Qd6 21. Qxd4 Bf6 22. Qa4+ Bc6 23. Ba3 Bxa4 24. Bxd6 $16 {
1-0 Najer,E-Potkin,V/Ubeda 2001/CBM 80 ext (40)}) 14. Bd3 Be7 15. Qb1 Rb8 16.
Rxa7 Qb6 17. Qa2 O-O 18. Rb1 Ra8 19. Rxa8 Rxa8 20. Qc4 Ba6 21. Qc2 Bxd3 22.
Qxd3 Qb5 23. Ne5 Rb8 24. Qxb5 Rxb5 25. Nc4 c5 {1/2-1/2 Ivanchuk,V-Kramnik,V/
New York 1994/CBM 41 ext (25)}) 13. b3 Qe7 {Schwarz spielt sehr prinzipiell
und verteidigt den Pa3, gibt dafür aber den Ph7. Dieser Plan erscheint mir
sehr riskant.} (13... O-O 14. Bxa3 Bxa3 15. Rxa3 Nf6 16. Qc2 $5) 14. Qc2 O-O
15. Bxh7+ Kh8 16. Bd3 (16. Be4 f5) 16... c5 17. Qe2 (17. Be4 $5 $40) 17... cxd4
18. Ne5 Qh4 (18... Nxe5 $4 19. Qh5+ Kg8 20. Qh7#) 19. exd4 Kg8 20. f4 Nxe5 21.
dxe5 Bc5+ 22. Be3 (22. Kh1 $5 Qh3 23. Bc4 $5 {/\ Ba3}) 22... Be7 23. f5 Be4 24.
f6 (24. Rf4 $5 Bxd3 25. Qxd3 Qh7 $132) 24... Bxd3 25. Qxd3 Rfd8 26. Qe2 Bf8 27.
fxg7 Bxg7 28. Rxa3 $2 (28. Bf4 $5 $40 {sollte Weiß noch immer Vorteil geben.})
28... Bxe5 29. g3 Qe4 30. Qf2 (30. Qf2 f5 $13) 1/2-1/2

[Event "Linares Anibal op 08th"]
[Site "Linares"]
[Date "2001.01.10"]
[Round "3"]
[White "Milov, Vadim"]
[Black "Dominguez Perez, Leinier"]
[Result "1-0"]
[WhiteElo "2604"]
[BlackElo "2565"]
[Annotator "Lutz,C"]
[PlyCount "67"]
[EventDate "2001.01.08"]
[EventType "swiss"]
[EventRounds "11"]
[EventCountry "ESP"]
[SourceTitle "CBM 081"]
[Source "ChessBase"]
[SourceDate "2001.03.20"]
[SourceVersion "1"]
[SourceVersionDate "2001.03.20"]
[SourceQuality "1"]

1. d4 {Milov,V} d5 2. c4 c6 3. Nc3 Nf6 4. e3 e6 5. Nf3 Nbd7 6. Bd3 dxc4 7. Bxc4
b5 8. Bd3 Bb7 9. e4 b4 10. Na4 c5 11. e5 Nd5 12. dxc5 $5 (12. Nxc5 {und}) (12.
O-O {sind beliebter}) 12... Qa5 (12... Nxc5 13. Bb5+ Nd7 14. Bg5 Qa5 {ist
ebenfalls befriedigend für Schwarz}) 13. O-O Bxc5 14. Nxc5 (14. a3 Be7 15. Bd2
O-O 16. Be4 $1 f5 $6 17. axb4 $1 Qc7 18. Rc1 Qb8 19. Bb1 Nxe5 20. Nxe5 Qxe5 21.
Re1 $36 Qd4 22. Nc5 $1 Bxc5 23. bxc5 Rac8 24. Rxe6 Rxc5 25. Rxc5 Qxc5 26. Re5
Qd4 27. Qe1 Qxb2 28. Bxf5 $16 Nf6 29. Bc3 Qb6 30. Re7 Bd5 31. h3 Qc6 32. Qe3 $1
Rf7 33. Bxf6 $1 Qxf6 34. Re5 Ba2 35. Qe2 g6 36. Bxg6 $1 hxg6 37. Re8+ Kg7 38.
Qxa2 $18 {1-0 Hansen,C-Gurevich,M/Tastrup 1992/[Ernst] (69)}) 14... Nxc5 15.
Bc2 O-O-O $2 {'N' Milov,V. Dieser Zug ist doch sehr optimistisch. Der schwarze
König wird am Damenflügel keine Ruhe finden. Vielleicht hatte der Schwarze den
Eindruck, dass seine imposanten Springer auf c5 und d5 genügend Aktivität
entfalten, aber Milov kann durch feines Spiel Schwarz nach und nach
zurückdrängen.} 16. Qd4 $1 {Sehr stark gespielt. Weiß bringt seine Dame heraus.
Bei Bedarf kann sie nach g4 schwenken.} (16. Nd4 $5 {Milov,V}) 16... Kb8 17.
Bd2 Qb6 18. Rfc1 {'+/=' Milov,V. Die Schwächen am Damenflügel machen sich
bemerkbar ...} (18. Qg4 {Milov,V} f5 $1 $132) 18... h6 (18... Rc8 19. Qg4 $5 (
19. Ng5 $16 {Milov,V})) 19. a3 Nc3 (19... b3 {Milov,V} 20. Bd1 $16) 20. Qe3 Nd5
(20... Bxf3 {Milov,V} 21. gxf3 (21. bxc3 b3 $1 22. gxf3 bxc2 23. Rxc2 Kc8 $44)
21... Nd5 22. Qe1 $16 {><Kb8}) 21. Qe1 $16 a5 {'?!' Milov,V.} (21... b3 {
Milov,V} 22. Bb1 (22. Ba5 $6 Qa6 23. Bxd8 bxc2 24. Rxc2 Nb3 25. Bh4 Nxa1 26.
Qxa1 Nf4 27. Qd1 g5 28. Bg3 Nxg2 29. Rd2 Rc8 $11) 22... Rc8 23. a4 $14 {
/\Ra3, ><b3}) 22. axb4 axb4 23. Nd4 {'+/-!' Milov,V.} (23. Be3 {Milov,V} Nxe3
24. Qxe3 Rd7 25. Nd2 Na4 26. Qe2 $1 Nxb2 27. Ne4 $36) 23... Rc8 (23... Rd7 {
Milov,V} 24. Nb3 Rc8 (24... Nxb3 25. Bxb3 Rc8 26. Bxd5) 25. Na5 b3 26. Bb1 Ba6
27. Ra3 $16) 24. Nb3 $1 {Weiß tauscht nach und nach alle Verteidiger des
schwarzen Königs ab.} Nxb3 25. Bxb3 Rxc1 26. Bxc1 {'?' Milov,V.} (26. Rxc1 {
Milov,V} Qd4 (26... Rc8 27. Bc4 $1 $16 {/\b3} (27. Rxc8+ $2 Kxc8 $14)) 27. Rd1
$1 (27. Bxd5 Qxd5 28. f3 Rc8 $14) (27. Bc4 Rd8 28. b3 Nf4 29. Bxf4 (29. Bxb4
Nxg2) 29... Qxf4 30. Bf1 Rd5 31. Rc4 Qxe5 32. Qxb4 Qd6 $11) 27... Qc5 (27...
Qd3 28. Ba2 $16) 28. Qe2 Rc8 29. Qg4 $16) 26... Rc8 {'?' Milov,V.} (26... Qd4 {
Milov,V} 27. Bxd5 (27. Bd2 Nf4 28. Bxb4 Nxg2 29. Qc3 Qxc3 30. bxc3 Nh4 $11)
27... Qxd5 28. f3 Rc8 29. Be3 Rc4 $13) 27. Bxd5 $1 {In Stellungen mit
ungleichfarbigen Läufern hat diejenige Seite einen deutlichen Vorteil, die den
gegnerischen Köng angreifen kann. Der verteidigende Läufer kann nämlich nicht
die Felder decken, die der angreifende Läufer attackiert.} Bxd5 28. Be3 Qb5 29.
Qd1 {'!' Milov,V.} Rc4 (29... Rc7 {Milov,V} 30. Qg4 g5 31. Qh5 $16) 30. h3 {
Weiß hat Zeit genug für dieses Luftloch.} Qc6 {'?' Milov,V.} (30... f5 {Milov,V
} 31. exf6 gxf6 32. Qh5 $16) (30... b3 $142 {Milov,V} 31. Ra7 Rc7 32. Qa1 Qd7 (
32... Bb7 33. Qa3 Qxe5 34. Ra5) 33. Ra5 $16) 31. b3 Re4 (31... Rc2 {Milov,V}
32. Qg4 Qc3 33. Ra4 $18) 32. Rc1 Qa6 33. Qc2 Qb7 34. Qc5 {Matt ist nur noch
durch große Materialverluste zu verhindern.} 1-0

[Event "Lost Boys 5th"]
[Site "Antwerp"]
[Date "1997.??.??"]
[Round "5"]
[White "Van der Sterren, Paul"]
[Black "Novikov, Igor A"]
[Result "1/2-1/2"]
[WhiteElo "2555"]
[BlackElo "2590"]
[Annotator "Lutz,C"]
[PlyCount "119"]
[EventDate "1997.08.01"]
[EventType "tourn"]
[EventRounds "7"]
[EventCountry "BEL"]
[EventCategory "15"]
[SourceTitle "CBM 061"]
[Source "ChessBase"]
[SourceDate "1997.11.23"]
[SourceVersion "1"]
[SourceVersionDate "1997.11.23"]
[SourceQuality "1"]

1. d4 {Hecht Novikov} d5 2. c4 e6 3. Nc3 c6 4. e3 Nf6 5. Nf3 Nbd7 6. Bd3 dxc4
7. Bxc4 b5 8. Bd3 Bb7 9. O-O b4 10. Ne4 Be7 11. Nxf6+ Nxf6 12. e4 O-O 13. Qe2
c5 14. dxc5 Rc8 {Die andere Variante ist 14...Nd7 :} (14... Nd7 15. c6 $1 Bxc6
16. Be3 $14) 15. Rd1 {Dieser Zug ist harmlos.} (15. Bd2 $1 {1/2-1/2 Lautier,
J-Piket,J/Monaco m 1996 (32) scheint der kritische Zug zu sein.}) (15. Bf4 {
ist nicht zu fürchten.}) (15. a3 {auch nicht.}) 15... Qc7 16. a3 {Nun
verflacht die Partie.} (16. c6 Bxc6 17. Nd4 Bb7 18. Nb3 Bd6 19. g3 Nd7 $11 {
Jelen,I-Novikov,I/Bled op 1996/EXP 51/0-1 (46) war auch problemlos für Schwarz.
}) (16. Be3 $5 Bxc5 17. Rac1 Qb6 18. Rxc5 Rxc5 19. e5 Bxf3 20. Qxf3 Nd5 21. Qe4
g6 22. Bxc5 Qxc5 $11) 16... bxa3 17. b4 a5 18. bxa5 Qxa5 19. Bxa3 Bxc5 20. Bb2
(20. Bxc5 Qxc5 21. e5 $2 Bxf3) 20... Qc7 21. Bxf6 gxf6 $11 {Die Stellung ist
ausgeglichen, die Schwächung des schwarzen Königsflügels spielt keine Rolle.}
22. Ba6 Ra8 23. Bxb7 Rxa1 24. Rxa1 Qxb7 25. g3 Rd8 26. Kg2 Qb3 27. Ng1 Qc3 28.
Ra4 $2 {Ein taktischer Einsteller.} (28. Rd1 $11) 28... Bxf2 $1 29. Rc4 (29.
Qxf2 Rd2 30. Ne2 Qc2 31. Ra8+ Kg7 32. Kf3 f5 $1 {und der Ra8 hängt in der Luft.
}) 29... Qe1 30. Qxe1 Bxe1 31. Nf3 Ba5 $17 32. g4 Rd7 33. Ra4 Bb6 34. Rb4 Be3
35. Kg3 Kg7 36. Rb3 Bc5 37. Rc3 Ba7 38. Rb3 Rc7 39. h4 (39. Rb2 {Novikov /\
Re2=}) 39... Rc4 40. e5 fxe5 41. Nxe5 Rc7 42. g5 h5 {>< Ph5} 43. Nd3 Bd4 44.
Kf3 {/\ Nf4} Rc4 45. Rb4 (45. Nf4 $2 {Novikov} Be5 46. Nxh5+ Kg6 47. Ng3 Rxh4)
45... Rxb4 46. Nxb4 {[#] Hecht: Black fails because his bishop is of the wrong
color to control the promotion square of the h-pawn. [#] Hecht: Schwarz
scheitert an der falschen Läuferfarbe in Bezug auf das Umwandlungsfeld seines
h-Bauern.} Bc5 47. Nd3 Bd6 48. Ne1 Kf8 (48... Kg6 {Novikov} 49. Ke4 Bg3 50. Ng2
e5 51. Kf3 Bxh4 52. Nxh4+ Kxg5 53. Ng2 f5) 49. Ng2 Ke7 50. Ke4 Bh2 51. Kf3 Kd6
52. Ke4 Be5 53. Ne3 Bc3 54. Ng2 Be5 55. Ne3 Bg3 56. Nf5+ {Funny! White forces
the draw. Witzig! Weiß forciert das Remis.} exf5+ 57. Kxf5 Bxh4 (57... Ke7 {
Hecht} 58. g6 f6 59. g7 Kf7 60. g8=Q+ Kxg8 61. Kxf6 Bxh4+ 62. Kg6 $11) 58. g6
Bf6 59. gxf7 Ke7 60. Kf4 1/2-1/2

[Event "Tel Aviv"]
[Site "Tel Aviv"]
[Date "2001.02.27"]
[Round "7"]
[White "Greenfeld, Alon"]
[Black "Haimovich, Tal"]
[Result "1/2-1/2"]
[WhiteElo "2570"]
[BlackElo "2302"]
[Annotator "Lutz,C"]
[PlyCount "142"]
[EventDate "2001.02.20"]
[EventType "tourn"]
[EventRounds "9"]
[EventCountry "ISR"]
[EventCategory "9"]
[SourceTitle "CBM 082"]
[Source "ChessBase"]
[SourceDate "2001.05.17"]
[SourceVersion "1"]
[SourceVersionDate "2001.05.17"]
[SourceQuality "1"]

1. d4 Nf6 2. Nf3 d5 3. c4 c6 4. Nc3 e6 5. e3 Nbd7 6. Bd3 dxc4 7. Bxc4 b5 8. Bd3
Bb7 9. a3 a6 $6 {Der folgende weiße Zug ist eigentlich der Grund, warum
Schwarz hier in der Regel 9...b4 spielt.} (9... b4 $11) 10. b4 $14 {[%csl Rb7,
Rc6] Nun ist der Pc6 rückständig und der Bb7 eingesperrt.} a5 11. Rb1 axb4 12.
axb4 Nd5 13. Nxd5 exd5 {Als Kompensation für den schwachen Bauen auf c6 hat
Schwarz auch einige Vorteile: Der Pb4 muss gedeckt werden, dem Nd7 winkt das
Feld c4 und der Bc1 ist hinter der Bauernkette eingesperrt. Dennoch hat Weiß
einen leichten Vorteil.} 14. O-O Nf6 ({Nachfolgend eine Partie, die die
schwarzen Probleme verdeutlicht.} 14... Be7 15. Qc2 Nf6 16. Ne5 Ra6 17. Bd2 O-O
18. Ra1 Rxa1 19. Rxa1 Qb6 20. Bf5 Ra8 21. Rxa8+ Bxa8 22. Qa2 Bb7 23. f3 g6 24.
Bh3 Kg7 25. Nd3 Qa6 26. Qxa6 Bxa6 27. Be1 Bb7 28. Bg3 Kf8 29. Kf2 Ke8 30. Nc5
Bxc5 31. dxc5 Ng8 32. Bd6 Kd8 33. g4 Bc8 34. Bf1 f6 35. h4 Ke8 36. Bd3 Kf7 37.
Kg3 Nh6 38. Kf4 Kg7 39. Be7 Nf7 40. g5 fxg5+ 41. hxg5 h6 42. Bf6+ Kh7 43. e4
Be6 44. gxh6 dxe4 45. Bxe4 Bd7 46. Bg5 Be8 47. Bc2 Bd7 48. Bb3 Be8 49. Be6 Kg8
50. Kg3 Kh7 51. f4 Kh8 52. Kg4 Kh7 53. f5 {1-0 Lerner,K-Rogers,I/Germany 1998/
GER-chT (53)}) 15. Ne5 Bd6 16. Qc2 Qc7 17. Bb2 O-O 18. Rfc1 ({Vielleicht
sollte Weiß analog zur Partie von Lerner erst einmal diue Türme tauschen:} 18.
Ra1 $5 $14) 18... Qb6 19. Bf5 Ra6 20. Nd3 Bc8 21. Nc5 Bxf5 22. Qxf5 {Der
Tausch der weißfeldrigen Läufer ist in einer derartigen Struktur immer eine
wichtige Entschidung: Einerseits wird Schwarz seinen "schlechten" Läufer los,
andererseit fehlt dem Pc6 nun ein Verteidiger. In der vorliegenden Situation
nützt der Läufertausch m.E. eher dem Schwarzen.} Ra7 23. Rc2 Qc7 24. g3 Qc8 25.
Qf3 Re8 26. Nd3 Nd7 27. Rbc1 Rc7 28. Ra1 Nb6 29. Bc3 Nc4 30. Rca2 Rce7 31. Nc5
h6 32. Be1 Qh3 33. Ra8 Rxa8 34. Rxa8+ Kh7 35. Bc3 Kg6 36. Nb3 Qe6 37. Ra6 Qc8
38. g4 Kh7 39. Qf5+ Qxf5 40. gxf5 Rc7 41. Na5 {Jetzt spitzt sich das Geschehen
noch einmal zu.} Nxa5 42. bxa5 Ba3 $1 (42... b4 $2 43. Bb2) 43. Ra8 b4 44. Bxb4
Bxb4 45. a6 {So hat sich Weiß das gedacht: Jetzt noch 46.a7 und dann 47.Rh8+!
nebst 48.a8Q. Aber Schwarz ist auf der Höhe.} g5 $1 46. a7 Bf8 $1 47. Rxf8 {
Was sonst ?} Rxa7 48. Rd8 Kg7 49. Rd6 Ra1+ 50. Kg2 Rc1 51. Kg3 Rc2 52. h3 h5
53. f4 gxf4+ 54. Kxf4 f6 {Der weiße Vorteil erweist sich nun als zu gering.}
55. Kf3 Rc1 56. h4 Kf7 57. Rd7+ Ke8 58. Rh7 Rf1+ 59. Ke2 Rxf5 60. Rc7 Kd8 61.
Rxc6 Kd7 62. Ra6 Ke7 63. Ra5 Ke6 64. Rb5 Ke7 65. Rb7+ Ke6 66. Rg7 Kd6 67. Rg2
Ke6 68. Rg3 Kf7 69. Rf3 Rxf3 70. Kxf3 f5 71. Kg3 Ke6 $1 {Da Schwarz auch die
letzte Klippe erfolgreich umschifft hat, gab Weiß sich mit dem halben Punkt
zufrieden.} (71... Kf6 $4 72. Kf4 $18) 1/2-1/2

[Event "Petrosian Memorial Internet"]
[Site "ICC INT"]
[Date "2004.12.19"]
[Round "2"]
[White "Lputian, Smbat G"]
[Black "Fressinet, Laurent"]
[Result "0-1"]
[WhiteElo "2634"]
[BlackElo "2640"]
[Annotator "Lutz,C"]
[PlyCount "140"]
[EventDate "2004.12.18"]
[EventType "team"]
[EventRounds "6"]
[EventCountry "USA"]
[SourceTitle "CBM 105"]
[Source "ChessBase"]
[SourceDate "2005.04.11"]
[SourceVersion "1"]
[SourceVersionDate "2005.04.11"]
[SourceQuality "1"]

1. d4 d5 2. c4 c6 3. Nc3 Nf6 4. e3 e6 5. Nf3 Nbd7 6. Bd3 dxc4 7. Bxc4 b5 8. Bd3
Bb7 9. e4 b4 10. Na4 c5 11. e5 Nd5 12. Nxc5 Nxc5 13. dxc5 Bxc5 14. Ng5 $5 Qc7
15. O-O Rd8 $5 {Zu den Alternativen, insbesondere dem sofortigen Schlagen auf
e5, siehe die Anmerkungen zu Lputian,S-Dreev,A aus dem gleichen Turnier.} (
15... Qxe5 {0-1 Lputian,S-Dreev,A/ICC INT 2004/CBM 105/[Lutz] (42)}) 16. Qh5 g6
17. Bb5+ Kf8 18. Qf3 (18. Qh6+ $5 Kg8 19. Ne4) 18... Kg7 19. Be3 Bxe3 20. fxe3
Rdf8 21. e4 Qxe5 {Nun wird's taktisch.} 22. Nxf7 Qd4+ 23. Rf2 $2 {Ein
folgenschwerer Irrtum. Der weiße Turm begibt sich in eine Fesselung, aus der
er nicht mehr heraus kommt.} (23. Kh1 {ist besser. Schwarz muss dann genau
spielen, um das Gleichgewicht zu halten.} Qe3 (23... Ne3 24. Qf2) 24. Qg4 Rxf7
25. exd5 Rxf1+ 26. Rxf1 Bxd5 27. Qxb4 Qe4) 23... Ne3 24. Ng5 {Offenbar hatte
Weiß sich auf diesen Zug verlassen, jedoch ...} Bc8 $1 {... und der Springer
muss wieder zurück.} 25. Nf7 Ng4 26. Qxg4 Rxf7 27. Qe2 Rhf8 $17 28. Raf1 {
Weiß steckt jetzt in der Zwangsjacke, wegen des gefesselten Rf2 kann er sich
kaum noch rühren.} a6 29. Ba4 Bb7 30. e5 a5 31. Bb5 Rf5 32. Qd2 Qc5 33. Bd3
R5f7 34. h3 Bd5 35. b3 Rf4 36. Qc2 Qe3 37. Qe2 Qd4 38. Bb5 R4f5 39. Qd2 Qb6 40.
Bd3 Rf4 41. Qe2 Qd4 42. Bb5 Kg8 43. Qd2 Qb6 44. Bd3 Qc5 45. Qe2 Qd4 46. Bb5
R8f5 47. Qd2 Qb6 48. Bd3 Rf7 49. Qe2 Kf8 50. Qd2 Ke7 51. Qe2 Kd8 52. Qc2 Rf8
53. Qe2 Kc7 54. Qd2 Kb8 55. Qe2 Ka7 56. Qc2 R8f7 57. Qd2 Qc5 58. Qc2 Qd4 59.
Bb5 Kb6 60. Bd3 Rxf2 {Schließlich entscheidet der Übergang ins Läuferendspiel.}
61. Rxf2 Rxf2 62. Qxf2 Kc5 63. g4 Qxf2+ 64. Kxf2 Kd4 65. Ke2 Bg2 66. Bc4 Bxh3
67. Kf3 h5 68. Bxe6 Bxg4+ 69. Bxg4 hxg4+ 70. Kf4 Kd5 0-1

[Event "Petrosian Memorial Internet"]
[Site "ICC INT"]
[Date "2004.12.21"]
[Round "4"]
[White "Lputian, Smbat G"]
[Black "Dreev, Alexey"]
[Result "0-1"]
[WhiteElo "2634"]
[BlackElo "2698"]
[Annotator "Lutz,C"]
[PlyCount "84"]
[EventDate "2004.12.18"]
[EventType "team"]
[EventRounds "6"]
[EventCountry "USA"]
[SourceTitle "CBM 105"]
[Source "ChessBase"]
[SourceDate "2005.04.11"]
[SourceVersion "1"]
[SourceVersionDate "2005.04.11"]
[SourceQuality "1"]

1. d4 d5 2. c4 c6 3. Nc3 Nf6 4. e3 e6 5. Nf3 Nbd7 6. Bd3 dxc4 7. Bxc4 b5 8. Bd3
Bb7 9. e4 b4 10. Na4 c5 11. e5 Nd5 12. Nxc5 Nxc5 13. dxc5 Bxc5 14. Ng5 $5 {
Dies ist eine seltenere Alternative zum Hauptzug 14.0-0. Nach den Ergebnissen
zu urteilen, scheint dieser Zug jedoch nicht sonderlich gefährlich zu sein.
Die Hauptidee besteht im Ausfall Qd1-h5 oder in der Umgruppierung Ng5-e4,
jedoch ist der Pe5 schwach.} (14. O-O h6 15. Nd2) 14... Qc7 {Nimmt den weißen
Schwachpunkt ins Visier.} (14... h6 $5 15. Ne4 (15. Qh5 g6 16. Bxg6 (16. Qh3 $5
) 16... fxg6 17. Qxg6+ Kd7 18. Qxe6+ Kc7 $13) 15... Be7 16. O-O {gibt Weiß den
Vorteil, da er (im Vergleich zur Variante 14.0-0 h6 15.Sd2 0-0 16.Se4 Ld4!
über Angriffsmöglichkeiten am Königsflügel verfügt, ohne dass Schwarz direkt
den Pe5 angreifen kann.} (16. Qg4 Nc3 $5)) 15. O-O (15. Qe2 $6 {ist zu passiv
und nicht im Sinne von 14.Ng5.} h6 16. Nf3 {Der weiße Springer hat jetzt nur
Zeit verloren.} O-O-O $5 17. Bd2 Kb8 18. Ba6 $2 Bxf2+ 19. Kf1 Bxa6 20. Qxa6 Qb6
21. Qa4 Be3 22. Be1 Rc8 23. a3 b3 24. Rd1 Rc2 {0-1 Buehler,B-Plato,R/Germany
1988/EXT 2003 (24)}) 15... Qxe5 {Leitet eine taktische Folge ein, die zu einer
akzeptablen Stellung für Schwarz führt.} (15... Rd8 $5 {0-1 Lputian,
S-Fressinet,L/ICC INT 2004/CBM 105/[Lutz] (70)}) (15... O-O-O $5 {ist
ebenfalls eine interessante Idee. Der schwarze Koenig steht auch am
Damenfluegel natuerlich nicht sicher, aber dafuer sind die schwarzen Figuren
sehr schuen zentralisiert.} 16. Qc2 Kb8 17. Re1 (17. Bd2 Rc8 18. Qb3 h6 19. Ne4
Qxe5 20. Nxc5 Rxc5 21. Rfe1 Qd6 {1/2-1/2 Vera,R-Novikov,I/Saint Vincent 2002/
CBM 86 ext (21)}) 17... Rc8 18. Bf1 Qb6 19. Qe2 Rc7 20. Ne4 Bd4 21. a4 bxa3 22.
Rxa3 Bxe5 23. Nd2 Bd4 24. Rb3 Nf4 25. Qg4 Bxf2+ 26. Kh1 Qc6 27. Nc4 Nd5 28.
Qxg7 Rhc8 29. Bd2 Bxe1 30. Bxe1 Ka8 31. Qg3 Qd7 32. Nd6 Rd8 33. Nb5 Rc5 34.
Nxa7 Qc7 35. Ra3 Kb8 36. Nb5 Rxb5 37. Bxb5 Nf4 38. Bf1 e5 39. Qe3 Rd4 40. Kg1
f6 41. Bf2 Rd1 42. Rc3 Bxg2 43. Be1 Qb7 44. Qc5 Nh3+ 45. Rxh3 Bxh3 46. Bxh3
Rxe1+ 47. Kf2 Ra1 48. Qd6+ Ka7 {0-1 Arencibia,W-Morovic Fernandez,I/Havana
2003/CBM 96 (48)}) (15... h6 $5 16. Qh5 Kf8 17. Nf3 Rd8 18. Bg5 Rc8 19. Rac1
$40 {Weiß steht besser, da er seine Entwicklung vollenden kann, waehrend
Schwarz an seinem eingeschlossenen Rh8 leidet.} Kg8 20. Bd2 Qd7 21. Rfd1 Bb6
22. Rxc8+ Qxc8 23. Qg4 a5 24. h4 Qd7 25. h5 Kf8 26. Bf1 Qb5 27. Re1 Qc5 28. Qg3
Qb5 29. Qg4 Qc5 30. Qg3 Qb5 31. Nh2 Qc5 32. Rc1 Qd4 33. Rc2 b3 34. axb3 Nb4 35.
Bxb4+ axb4 36. Rc1 Qxb2 37. Rd1 Bd5 38. Bd3 Qxb3 39. Rb1 Qc3 40. Nf1 Bd4 41.
Qh4 f6 42. Bg6 Bxe5 43. Rc1 Qd4 44. Qxd4 Bxd4 45. Rc8+ Ke7 46. Rxh8 f5 47. Ne3
Ba2 48. Rb8 b3 49. Nc4 Kd7 50. g4 Kc7 51. Rb5 Kc6 52. Be8+ {1-0 Krivoshey,
S-Sumets,A/Alushta 2003/CBM 96 ext (52)}) 16. Qa4+ Ke7 17. Nxf7 Kxf7 (17... Qd4
$2 18. Qb5 $2 (18. Nxh8 $1 {scheint einfach möglich zu sein und gewinnt die
Qualität für Weiß.} Qxd3 (18... Rxh8 19. Bg5+ Nf6 20. Be3 $18) 19. Bg5+ Kf8 (
19... Kd6 20. Nf7+ Kc7 21. Rac1 $18) (19... Nf6 20. Rad1 $18 Qe4 21. Qd7+ Kf8
22. Qf7#) 20. Qd7 Kg8 21. Qxb7) 18... Kxf7 (18... Nb6 $5) 19. Qxb7+ Be7 20. Rd1
Qc5 21. Be4 Rhb8 22. Rxd5 exd5 23. Qxd5+ Qxd5 24. Bxd5+ Kg6 25. Bf4 $16 Bf6 26.
Rb1 Kf5 27. g3 a5 28. f3 Re8 29. Bxa8 Rxa8 30. Kf2 g5 31. Be3 h5 32. Ke2 g4 33.
Rc1 gxf3+ 34. Kxf3 Bxb2 35. Rc5+ Kf6 36. Bd2 Be5 37. Ke4 Re8 38. Kd3 h4 39.
gxh4 Bxh2 40. Rxa5 Rd8+ 41. Kc2 Rd4 42. Rb5 Bd6 43. Be3 Rg4 44. h5 Rg2+ 45. Kd3
Rxa2 46. h6 Be5 47. Rxb4 Rh2 48. Rg4 Kf5 49. Rg5+ Ke6 50. Rg8 Rh3 51. Rf8 Ke7
52. Rf1 Ke6 {1/2-1/2 Uhlmann,W-Baumbach,F/Goerlitz 1972/EXT 2002 (52)}) 18.
Qd7+ Kf6 (18... Be7 {0-1 Kaidanov,G-Gelfand,B/Ashdod 2004/CBM 105/[Lutz] (42)})
19. Qxb7 Rhd8 {Weiß das Läuferpaar, die bessere Bauernstellung und den
besseren König. Jedoch ist Schwarz besser entwickelt und hat zentralisierte
Figuren. Daher hat Schwarz hier keinerlei Probleme. Im Gegenteil, bald hat
Weiß die schlechteren Karten.} 20. Be3 $5 {Eine radikale Lösung, um die weiße
Entwicklung zu vollenden.} (20. Bxh7 $2 {ist zu gierig:} Rdb8 21. Qc6 Rc8 22.
Qb5 g6 {und der Läufer gerät in die Enge.}) 20... Rab8 21. Qa6 Nxe3 22. fxe3+
Ke7 23. Rf3 ({Vielleicht ist} 23. Kh1 $5 {besser, um sich nicht in die
Passivität drängen zu lassen.}) 23... Rf8 24. Rxf8 Rxf8 25. Re1 Rd8 26. Bc4 Bd6
{Provoziert eine Schwächung des weißen Königsflügels.} 27. g3 Bc5 $15 {Bei
ungleichfarbigen Läufern hat Schwarz die aktiveren Figuren, die ehemaligen
weißen Vorteile (Läuferpaar, bessere Bauernstruktur) existieren nicht mehr.
Lediglich der schwarze König steht noch nicht optimal.} 28. Qb7+ Rd7 29. Qg2 g6
30. Qe2 {Ich habe den Eindruck, dass Weiß mit dem passiven Rückzug seiner Dame
seine Stellung verschlechtert hat.} Kf6 31. Qf3+ Kg7 $17 32. Qf4 Qxb2 33. Bxe6
Qc3 34. Bxd7 Qxe1+ 35. Kg2 Qd2+ 36. Kf3 Qxd7 37. Qe5+ Kf7 38. Qxc5 Qf5+ $1 $19
{Der Übergang ins Bauernendspiel gewinnt.} 39. Qxf5+ gxf5 40. Ke2 (40. e4 a5
41. exf5 a4 $19) 40... Ke6 41. Kd3 Kd5 42. h3 h5 0-1